Music Quiz

Random Music or Song Quiz

Slot Machine: The Beatles Quiz Stats

 Plays Quiz Updated Mar 10, 2020

Support Sporcle.
Go Orange.
Score 0/60 Timer 03:00
1 Play Today
Song % Correct
Strawberry Fields Forever
96.5%
Strawberry Fields Forever
96.5%
Strawberry Fields Forever
96.5%
Magical Mystery Tour
92.6%
Magical Mystery Tour
92.6%
Magical Mystery Tour
92.6%
Let It Be
90.2%
Let It Be
90.2%
Let It Be
90.2%
Please Please Me
88.1%
Please Please Me
88.1%
Please Please Me
88.1%
Across The Universe
87.8%
Across the Universe
87.8%
Across the Universe
87.8%
Drive My Car
84.4%
Drive My Car
84.4%
Drive My Car
84.4%
Love Me Do
80.6%
Love Me Do
80.6%
Love Me Do
80.6%
Maxwell's Silver Hammer
79.3%
Maxwell's Silver Hammer
79.3%
Maxwell's Silver Hammer
79.3%
All My Loving
68%
All My Loving
68%
All My Loving
68%
Fixing a Hole
66.2%
Fixing a Hole
66.2%
Fixing a Hole
66.2%
Song % Correct
Good Day Sunshine
65.4%
Good Day Sunshine
65.4%
Good Day Sunshine
65.4%
Carry That Weight
63.9%
Carry That Weight
63.9%
Carry That Weight
63.9%
She's Leaving Home
62.2%
She's Leaving Home
62.2%
She's Leaving Home
62.2%
If I Fell
60.9%
If I Fell
60.9%
If I Fell
60.9%
Blue Jay Way
58.4%
Blue Jay Way
58.4%
Blue Jay Way
58.4%
Old Brown Shoe
58.2%
Old Brown Shoe
58.2%
Old Brown Shoe
58.2%
Wild Honey Pie
51.1%
Wild Honey Pie
51.1%
Wild Honey Pie
51.1%
Dig a Pony
49.5%
Dig a Pony
49.5%
Dig a Pony
49.5%
One After 909
42.2%
One After 909
42.2%
One After 909
42.2%
For You Blue
39.9%
For You Blue
39.9%
For You Blue
39.9%

From the Vault

National Geographic Covers II

by aglick

Shoutout to your one relative who has collected a bunch of these.
Remove Ads.
Support Sporcle.
Get the best of Sporcle when you Go Orange. This ad-free experience offers more features, more stats, and more fun while also helping to support Sporcle. Thank you for becoming a member.

Show Comments

Extras

Top Quizzes Today


Score Distribution

Your Account Isn't Verified!

In order to create a playlist on Sporcle, you need to verify the email address you used during registration. Go to your Sporcle Settings to finish the process.

Report this User

Report this user for behavior that violates our Community Guidelines.

Details: